<?xml version="1.0" encoding="UTF-8" ?>
<collection xmlns="http://www.loc.gov/MARC21/slim"><record><leader>01147nam a2200289   4500</leader><controlfield tag="001">231059</controlfield><controlfield tag="003">CH-000273-5</controlfield><controlfield tag="005">20250717115856.0</controlfield><datafield tag="020" ind1=" " ind2=" "><subfield code="a">978-3-96233-487-1</subfield></datafield><datafield tag="040" ind1=" " ind2=" "><subfield code="a">CH-000273-5</subfield><subfield code="b">ger</subfield><subfield code="e">rda</subfield></datafield><datafield tag="041" ind1="0" ind2=" "><subfield code="a">ger</subfield></datafield><datafield tag="245" ind1="0" ind2="0"><subfield code="a">Olaf Gulbransson Museum Tegernsee</subfield><subfield code="c">herausgegeben von Andrea Bambi ; mit Beiträgen von Herzogin Anna in Bayern [und 10 weiteren]</subfield></datafield><datafield tag="264" ind1=" " ind2="1"><subfield code="a">München</subfield><subfield code="b">Allitera Verlag</subfield><subfield code="c">2025</subfield></datafield><datafield tag="300" ind1=" " ind2=" "><subfield code="a">147 Seiten</subfield><subfield code="b">Illustrationen</subfield><subfield code="c">21 cm</subfield></datafield><datafield tag="336" ind1=" " ind2=" "><subfield code="a">Text</subfield><subfield code="b">txt</subfield><subfield code="2">rdacontent</subfield></datafield><datafield tag="336" ind1=" " ind2=" "><subfield code="a">unbewegtes Bild</subfield><subfield code="b">sti</subfield><subfield code="2">rdacontent</subfield></datafield><datafield tag="337" ind1=" " ind2=" "><subfield code="a">ohne Hilfsmittel zu benutzen</subfield><subfield code="b">n</subfield><subfield code="2">rdamedia</subfield></datafield><datafield tag="338" ind1=" " ind2=" "><subfield code="a">Band</subfield><subfield code="b">nc</subfield><subfield code="2">rdacarrier</subfield></datafield><datafield tag="600" ind1="1" ind2="7"><subfield code="a">Gulbransson, Olaf</subfield><subfield code="d">1873-1958</subfield><subfield code="x">Zeichnung</subfield><subfield code="x">Malerei</subfield><subfield code="2">gnd</subfield></datafield><datafield tag="610" ind1="2" ind2="7"><subfield code="a">Olaf-Gulbransson-Museum</subfield><subfield code="x">Sammlung</subfield><subfield code="2">gnd</subfield></datafield><datafield tag="655" ind1=" " ind2="7"><subfield code="a">Katalog</subfield><subfield code="2">gnd-content</subfield></datafield><datafield tag="655" ind1=" " ind2="7"><subfield code="a">Kunstführer</subfield><subfield code="2">gnd-content</subfield></datafield><datafield tag="655" ind1=" " ind2="7"><subfield code="a">Bildband</subfield><subfield code="2">gnd-content</subfield></datafield><datafield tag="700" ind1="1" ind2=" "><subfield code="a">Bambi, Andrea</subfield><subfield code="d">1964-</subfield><subfield code="e">Herausgeber</subfield><subfield code="4">edt</subfield><subfield code="e">Verfasser von ergänzendem Text</subfield><subfield code="4">wst</subfield></datafield><datafield tag="700" ind1="1" ind2=" "><subfield code="a">Bayern, Anna in</subfield><subfield code="d">1975-</subfield><subfield code="e">Verfasser von ergänzendem Text</subfield><subfield code="4">wst</subfield></datafield><datafield tag="710" ind1="2" ind2=" "><subfield code="a">Bayerische Staatsgemäldesammlungen</subfield><subfield code="e">Herausgebendes Organ</subfield><subfield code="4">isb</subfield></datafield><datafield tag="852" ind1="4" ind2=" "><subfield code="a">CH-000273-5</subfield><subfield code="c">A 2025/0090</subfield></datafield></record></collection>